| 000 | 00567nam a2200205Ia 4500 | ||
|---|---|---|---|
| 003 | OSt | ||
| 005 | 20250131112036.0 | ||
| 008 | 210210b1970 xxu||||| |||| 00| 0 eng d | ||
| 040 | _cAL | ||
| 041 | _ahin | ||
| 082 | _aH891.3 BENR | ||
| 100 |
_aBENIPURI (Shriramvrad) _9196586 |
||
| 110 |
_bबेनीपुरी (श्रीरामवृद) _9196589 |
||
| 245 |
_aRat din: _bरात दिन |
||
| 260 |
_aNayi Dilli _bHindi Poket Buks Private Limited _c1970 |
||
| 300 | _a126 | ||
| 690 |
_aHindi Fiction _9196587 |
||
| 906 | _a029044 | ||
| 942 |
_2ddc _cBK |
||
| 999 |
_c80272 _d80272 |
||